=LDR 00000nam 2200000 4500 =001 INLIS000000000000281 =005 20230106014844 =035 ##$$a 0010-0123000081 =007 ta =008 230106###########################0#ind## =020 ##$$a 978-602-73112-3-7 =082 ##$$a 346.02 =084 ##$$a 346.02 BUR l =100 #$$a Burhanudin Ali SDB =245 1#$$a 5 Menit Langsung Jadi Membuat Perjanjian (Surat Kontrak) : $b Jual Beli, Sewa Menyewa, Pinjam Meminjam, Gadai ; Perjanjian Kerja, Bisnis Surat Kuasa, Keterangan dan Rekomendasi; Surat Resmi, Tidak Resmi dll /$c Burhanudin Ali SDB =250 ##$$a Cet. I =260 ##$$a Jakarta Timur :$b Anugrah,$c 2016 =300 ##$$a 270 hlm : $b - ; $c 21 cm$e - =700 #$$a Poernama S.